000 00608nam a2200241Ia 4500
003 OSt
005 20221005120144.0
006 a|||||r|||| 00| 0
007 ta
008 221004b |||||||| |||| 00| 0 eng d
024 _a53985
037 _cTextual
040 _aCRL
_cCRL
_beng
041 _2eng
_aeng
082 _aR63, F1
100 _aSastri G Krishna.
_9628608
245 0 _aDemocratic Hinduism.
260 _c1921
490 _aKainkarya series; 4. Bharati series; 102
650 _aPHILOSOPHY
942 _hR63, F1
_cTEXL
_2cc
999 _c1036998
_d1036998